00370nam a2200121Ia 4500008004100000245010900041260001700150260000900167300000800176650002300184650001200207856002900219170516s9999 xx 000 0 und d aMRI Visible Drug Eluting Magnetic Microspheres for Transcatheter Intra-Arterial Delivery to Liver Tumors bTheranostics c2015 a5:5 xMedical Technology xMedtech uhttp://www.thno.org/v5i5